00517nam a22001817a 4500003000400000005001700004008004100021020001500062050002300077082002600100245005300126260008600179300002000265521002200285526001600307541000600323562000600329OSt20140310182936.0130201t xxu||||| |||| 00| 0 eng d a9716350015 aQR115b.Sa211 2001 aFIL 576.163bSa5 2001 aMikrobiolohiya ng PagkaincSanchez, Prescilla C. aQuezon CitybSentro ng Wikang Pilipino, Sistemang Universidad ng Pilipinascc2001 a273 p. c26 cm. a college students c1210L-1700L j1 e1